Kleinste Nachbarländer - Statistiken

Allgemein
  • Dieses Quiz wurde 445 mal gespielt
  • Das Durchschnittsergebnis liegt bei 24 aus 28
Antwortstatistiken
Land ... und der kleinste Nachbar % Korrekt
Italien Vatikanstadt
98%
Spanien Andorra
95%
Vereinigte Staaten Mexiko
93%
Nordkorea Südkorea
92%
Luxemburg Belgien
91%
Österreich Liechtenstein
90%
Algerien Tunesien
90%
Chile Bolivien
89%
Mongolei China
88%
Peru Ecuador
88%
Norwegen Finnland
88%
Litauen Lettland
88%
Argentinien Uruguay
88%
Kambodscha Laos
85%
Südafrika Swasiland
85%
Mexiko Belize
83%
Äthiopien Dschibuti
83%
Kolumbien Panama
83%
Russland Estland
79%
Syrien Libanon
79%
Kenia Uganda
79%
Nigeria Benin
78%
Nepal Indien
78%
Tschechien Slowakei
77%
Ghana Togo
77%
Honduras El Salvador
76%
Indonesien Osttimor
72%
Ägypten Israel
70%
Keine übereinstimmenden Quizze gefunden
Verteilung der Resultate
Anzahl Personen mit jedem Resultat
Perzentil nach korrekt beantworteten Fragen
Ihre Resultats-Entwicklung
Sie haben dieses Quiz noch nicht gespielt